000 00649nam a2200193 4500
001 6035
011 _a0992-2954
090 _a6035
100 _a20190723b u||y0fre||u0ba y50
101 _afre
200 _aGranit Information
_bPériodique
_fC. Béelu
210 _aChatillon / Thouet
_cGroupement Régional Anti Nucléaire d'Information Totale (GRANIT)
_gImprimerie Prouteau-Bressuire
215 _d30 cm.
606 _9648
_aNucléaire (Energie)
607 _9521
_aFrance
700 _96876
_aC. Béelu
710 _96877
_aGroupement d'Information Anti Nucléaire d'Information Totale (GRANIT)
801 _aCH
_bCH-002049-8
955 _r1990: 1, 3. 1991: 6. 1992: 7, 8